NLSUI OPAC header image

Police diaries : Statements, reports and investigations Vol. I (Record no. 29705)

MARC details
000 -LEADER
fixed length control field 02045nam a2200229Ia 4500
003 - CONTROL NUMBER IDENTIFIER
control field OSt
005 - DATE AND TIME OF LATEST TRANSACTION
control field 20210409133356.0
008 - FIXED-LENGTH DATA ELEMENTS--GENERAL INFORMATION
fixed length control field 160316s2012 xxu||||| |||| 00| 0 eng d
020 ## - INTERNATIONAL STANDARD BOOK NUMBER
International Standard Book Number 8171111157
040 ## - CATALOGING SOURCE
Transcribing agency nls
082 ## - DEWEY DECIMAL CLASSIFICATION NUMBER
Classification number 345.052
Item number MIT-I
100 ## - MAIN ENTRY--PERSONAL NAME
Personal name Mitter
245 ## - TITLE STATEMENT
Title Police diaries : Statements, reports and investigations Vol. I
250 ## - EDITION STATEMENT
Edition statement 11th
260 ## - PUBLICATION, DISTRIBUTION, ETC.
Place of publication, distribution, etc. New Delhi
Name of publisher, distributor, etc. Law Publishers India Pvt. Ltd.
Date of publication, distribution, etc. 2012
300 ## - PHYSICAL DESCRIPTION
Extent 824p
Dimensions clxxviii
365 ## - TRADE PRICE
Price amount Rs. 2,695 Vols
505 ## - FORMATTED CONTENTS NOTE
Formatted contents note Contents: (Vol. 01)<br/>Preface;<br/>Contents at a Glance of Vol.2,<br/>Table of Cases;<br/>Latest Case Laws Reported During Printing of Book;<br/>Cha.1. Crime and its Investigation;<br/>Cha.2. Science-Oriented and Detection of Crime-A Guide to Investigating Officer;<br/>Cha.3. Power of the Police to Investigation;<br/>Cha.4. First Information Report;<br/>Cha.5. Information, Commencement of Investigation and Ingredients of through Investigation in Non-Cognizable Cases;<br/>Cha.6. Cognizable Cases-Investigation-Its Practical and Legal aspects-jurisdiction of Court;<br/>Cha.7. Procedure when Cognizable Offence Suspected;<br/>Cha.8. Investigation;<br/>Cha.9. Examination of Witnesses Practical Approach within Legal frame work;<br/>Cha.10. Interrogation of Witnesses-Continental view;<br/>Cha.11. The Practical hints and guide for Police Officers in matters of evaluation of Evidence in Course of Investigation;<br/>Cha.12. Use of Statement before Police, Detention Under various Crimes and their Legal aspect;<br/>Cha.13. Case Diaries and their importance in Criminal Cases;<br/>Cha.14. Power of search and Seizure by Police Magistrates and other Agencies under various Crimes;<br/>Cha.15. Arrest and Essentials of Arrest;<br/>Cha.16. Bail by Police and Court, Anticipatory Bail, Cancellation of Bail in writ Habeas Corpus;<br/>Cha.17. Remand and Law of Detention;<br/>Cha.18. State and Prosecutor’s Responsibility towards under-trials and convicts;<br/>Cha.19. Confession;<br/>Cha.20. Information by Accused leading to Discovery;<br/>
650 ## - SUBJECT ADDED ENTRY--TOPICAL TERM
Topical term or geographic name entry element 1. Police Dairies
700 ## - ADDED ENTRY--PERSONAL NAME
Personal name
--
942 ## - ADDED ENTRY ELEMENTS (KOHA)
Source of classification or shelving scheme Dewey Decimal Classification
Koha item type BOOKs
Holdings
Withdrawn status Lost status Damaged status Not for loan Home library Current library Shelving location Date acquired Cost, normal purchase price Total Checkouts Full call number Barcode Date last seen Date last checked out Price effective from Koha item type Public note
        NLS NLS   30/05/2017 2695.00 1 345.052 MIT-I 27070 15/04/2023 06/04/2023 30/05/2017 BOOKs Price for the entire Set of Volumes